000 00535nam a2200181 i 4500
001 30969
003 ES-MaACL
005 20251213063015.0
007 t|
008 030128s1933 gw ||||1| eng d
100 1 _aBelloc, Hilaire,
_d1870-1953
_927250
245 1 0 _aNapoleon /
_cby Hilaire Belloc.
260 _aHamburg :
_bThe Albatros,
_c1933.
300 _aIX, 454 p., 22 map. :
_b1 retr. ;
_c19 cm.
600 0 4 _aNapoleón
_bI
_c, Emperador de Francia.
_984910
852 _aES-MaACL
_jA-2088
999 _c30969
_d30969